1 Okulda İlk Gün Sürprizi (Record no. 645300)
[ view plain ]
| 000 -LEADER | |
|---|---|
| sabit uzunluktaki kontrol alanı | 00252nam a2200097Ia 4500 |
| 001 - KONTROL NUMARASI | |
| kontrol alanı | 645300 |
| 005 - EN SON İŞLEMİN TARİH VE ZAMANI | |
| kontrol alanı | 20250826153621.0 |
| 008 - SABİT-UZUNLUKTA VERİ ÖĞELERİ--GENEL BİLGİ | |
| sabit uzunluktaki kontrol alanı | 250824s9999 xx 000 0 und d |
| 245 #0 - ESER / YAZAR | |
| ESER ADI | 1 Okulda İlk Gün Sürprizi |
| Yazar Adı | Kate McMullan |
| 260 ## - YAYIN, DAĞITIM, VB. | |
| YAYIN EVİ | BEYAZ BALİNA |
| Düşüm durumu | Kayıp durumu | Hasar Durumu | Ödünç verilmez | Ana kütüphane | Geçerli Kütüphane | Edinilen tarih | Toplam ödünç verme sayısı | Barkod | Son görüntüleme tarihi | Son ödünç verme tarihi | Fiyatın geçerli olmaya başladığı tarih | Koha materyal türü |
|---|---|---|---|---|---|---|---|---|---|---|---|---|
| MUSTAFA BÜYÜKKAPLAN İMAM HATİP ORTAOKULU (ERKEK) | MUSTAFA BÜYÜKKAPLAN İMAM HATİP ORTAOKULU (ERKEK) | 24.08.2025 | 3 | 1005402 | 04.12.2025 | 17.11.2025 | 26.08.2025 | Books |